000 01102nam a22002777i 4500
999 _c22742
_d22742
003 AR-CdUCM
008 231026b20212021pe a|||| |||| 001 0 spa d
020 _a978-612-48371-1-1
040 _aMUNICIPALIDAD PROVINCIAL DEL CUSCO
_cBIBLIOTECA MUNICIPAL DEL CUSCO
041 _hspa
082 _a510.7 / M26 / V.I
_bM26 / V.I
100 _aMarconi Quispe, Paco Wilson
_949016
245 _aMatemática Superior VI /
260 _aLa Convención-Cusco :
_bUniversidad Nacional Intercultural de Quillabamba,
_c2021.
300 _a221 páginas. :
_c20 cm.
505 _aVectores en el plano cartesiano -- Proyección de vectores -- La circunferencia -- Regla de sarrus -- Números complejos -- Matrices y determinantes -- Método de gauss -- Programación lineal
650 _aVectores, la recta
_949048
650 _aLa parábola
_949049
650 _aSistema de ecuaciones
_949050
650 _aMatrices y determinantes
_949051
650 _aNúmeros complejos
_918657
650 _a La circunferencia
_949052
856 _fhttp://www.unig.pe
942 _2ddc
_cLIBROS
945 _apebm
_d2023-10-26